| 000 | 00821nam a2200277 i 4500 | ||
|---|---|---|---|
| 003 | EG-ScBUE | ||
| 005 | 20230313101755.0 | ||
| 008 | 100901t1988 ru a f 000 0 eng d | ||
| 040 |
_aEG-ScBuE _beng _erda _cEG-ScBuE _dEG-ScBUE |
||
| 082 | 0 | 4 |
_a799.2 _bHUN _222 |
| 245 | 0 | 0 |
_aHunting and sporting fire-arms = _bTula Armoury. |
| 246 | 3 | 1 | _aTula Armoury |
| 264 | 1 |
_aMoscow : _bRznoexport, _c[1988] |
|
| 264 | 1 | _cc1988 | |
| 300 |
_a82 pages : _bcolor illustrations ; _c15 cm |
||
| 336 |
_2rdacontent _atext _btxt |
||
| 337 |
_2rdamedia _aunmediated _bn |
||
| 338 |
_2rdacarrier _avolume _bnc |
||
| 546 | _aText in English and Russian. | ||
| 590 | _ayassmeen ashraf | ||
| 650 | 7 |
_aHand Made Arts. _2BUEsh _917756 |
|
| 651 | _2BUEsh | ||
| 653 |
_bENGGEN _cAugust2015 |
||
| 655 | _vReading book | ||
| 942 |
_cBB _k799.2 HUN _2ddc |
||
| 999 |
_c3228 _d3228 |
||